[Event "Geller Memorial op-A 7th"]
[Site "Odessa"]
[Date "2011.08.27"]
[Round "8"]
[White "Dhillon, Jasteen"]
[Black "Arkhipov, Vladimir"]
[Result "1-0"]
[WhiteElo "2045"]
[BlackElo "2131"]
[PlyCount "103"]
[EventDate "2011.08.20"]
[EventType "swiss"]
[EventRounds "9"]
[EventCountry "UKR"]
[SourceTitle "EXT 2014"]
[Source "ChessBase"]
[SourceDate "2013.11.20"]
[SourceVersion "1"]
[SourceVersionDate "2013.11.20"]
[SourceQuality "1"]

1. e4 g6 2. d4 Bg7 3. Nc3 d6 4. Bg5 h6 5. Bh4 c6 6. Qd2 b5 7. f4 Nf6 8. Bd3 b4 9. Nce2 a5 10. h3 0-0 11. Nf3 Bb7 12. c4 bxc3 13. bxc3 c5 14. d5 Nbd7 15. Rb1 c4 16. Bxf6 Bxf6 17. Bxc4 Qc7 18. Bd3 Nc5 19. 0-0 Nxd3 20. Qxd3 Ba6 21. Qd2 Qa7+ 22. Kh1 Bxe2 23. Qxe2 Bxc3 24. Rfc1 Rfc8 25. Qd3 Bg7 26. Rc6 Rxc6 27. dxc6 Qc5 28. Qb5 Rc8 29. Qxc5 dxc5 30. Rb6 Bc3 31. Kg1 Kf8 32. Kf2 Ke8 33. Ke2 c4 34. Nd2 Bxd2 35. Kxd2 Kd8 36. Kc3 Kc7 37. Rb7+ Kd6 38. e5+ Ke6 39. c7 Kd5 40. Rb5+ Ke4 41. Rc5 Kxf4 42. Kxc4 Kg3 43. Kd5 Kxg2 44. Kc6 Kxh3 45. Kd7 Rxc7+ 46. Rxc7 f5 47. Kxe7 f4 48. Kf6 g5 49. e6 f3 50. e7 f2 51. Rc1 g4 52. e8Q 1-0

[Event "UKR-chT Clubs"]
[Site "Alushta"]
[Date "2011.05.21"]
[Round "9.2"]
[White "Dhillon, Jasteen"]
[Black "Krupko, Alexey"]
[Result "0-1"]
[WhiteElo "2029"]
[BlackElo "2165"]
[PlyCount "54"]
[EventDate "2011.05.13"]
[EventType "team-tourn"]
[EventRounds "9"]
[EventCountry "UKR"]
[SourceTitle "CBM 142 Extra"]
[Source "ChessBase"]
[SourceDate "2011.06.27"]
[SourceVersion "1"]
[SourceVersionDate "2011.06.27"]
[SourceQuality "1"]
[WhiteTeam "Simferopol"]
[BlackTeam "Chernigov With no mercy"]
[WhiteTeamCountry "UKR"]
[BlackTeamCountry "UKR"]

1. e4 c5 2. Nf3 Nc6 3. Bb5 e6 4. 0-0 Nge7 5. c3 a6 6. Ba4 b5 7. Bc2 Bb7 8. Qe2 d5 9. e5 d4 10. Be4 Ng6 11. cxd4 cxd4 12. d3 Be7 13. Nbd2 Qb6 14. Nb3 Rd8 15. Bd2 0-0 16. h4 f5 17. exf6 Rxf6 18. Ng5 h6 19. Nxe6 Rxe6 20. Bd5 Nce5 21. Bxb7 Qxb7 22. f4 Nxh4 23. fxe5 Rxe5 24. Qg4 Rd6 25. Rf2 Rg6 26. Qh3 Qd5 27. Raf1 Rh5 0-1

[Event "UKR-chT Clubs"]
[Site "Alushta"]
[Date "2011.05.18"]
[Round "6.4"]
[White "Onischuk, Vladimir"]
[Black "Dhillon, Jasteen"]
[Result "1-0"]
[WhiteElo "2498"]
[BlackElo "2029"]
[PlyCount "83"]
[EventDate "2011.05.13"]
[EventType "team-tourn"]
[EventRounds "9"]
[EventCountry "UKR"]
[SourceTitle "CBM 142 Extra"]
[Source "ChessBase"]
[SourceDate "2011.06.27"]
[SourceVersion "1"]
[SourceVersionDate "2011.06.27"]
[SourceQuality "1"]
[WhiteTeam "Kharkov Law Academy"]
[BlackTeam "Simferopol"]
[WhiteTeamCountry "UKR"]
[BlackTeamCountry "UKR"]

1. e4 c5 2. Nf3 d6 3. d4 cxd4 4. Nxd4 Nf6 5. Nc3 g6 6. Be2 Bg7 7. 0-0 0-0 8. Bg5 Nc6 9. Nb3 a5 10. a4 Be6 11. f4 Rc8 12. Kh1 Nb4 13. f5 Bxb3 14. cxb3 Nd7 15. Bc4 Ne5 16. Bd5 Qd7 17. Qd2 e6 18. f6 Bh8 19. Bc4 Nxc4 20. bxc4 Rxc4 21. Rad1 Rd8 22. Qe2 Rcc8 23. Be3 Qc6 24. Qf2 Qc4 25. Rd4 Qb3 26. Rd2 Rc6 27. Bh6 Rd7 28. h3 Qc4 29. Qf3 Rc8 30. g4 Rcd8 31. Rfd1 Nc6 32. g5 Ne5 33. Qe2 Qxe2 34. Rxe2 Nc4 35. b3 Nb6 36. Red2 d5 37. exd5 exd5 38. Re1 Rc8 39. Rde2 Rdd8 40. Nb5 d4 41. Nd6 Rb8 42. Nxf7 1-0

[Event "UKR-ch sf"]
[Site "Alushta"]
[Date "2011.05.09"]
[Round "7"]
[White "Dhillon, Jasteen"]
[Black "Sergienko, Vladislav"]
[Result "0-1"]
[WhiteElo "2029"]
[BlackElo "2200"]
[PlyCount "107"]
[EventDate "2011.05.03"]
[EventType "swiss"]
[EventRounds "9"]
[EventCountry "UKR"]
[SourceTitle "CBM 142 Extra"]
[Source "ChessBase"]
[SourceDate "2011.06.27"]
[SourceVersion "1"]
[SourceVersionDate "2011.06.27"]
[SourceQuality "1"]

1. e4 c5 2. Nf3 Nc6 3. Bb5 g6 4. Bxc6 dxc6 5. h3 Bg7 6. d3 Nf6 7. Nc3 0-0 8. Be3 b6 9. Qd2 Re8 10. 0-0-0 e5 11. Bh6 Ba6 12. Bxg7 Kxg7 13. Rhe1 Qe7 14. Qe3 Rad8 15. Nd2 Nd7 16. g3 Nf8 17. f4 Ne6 18. f5 Nd4 19. g4 b5 20. Ne2 c4 21. dxc4 bxc4 22. c3 Nxe2+ 23. Qxe2 Rd3 24. Nf3 f6 25. Rxd3 cxd3 26. Qd2 c5 27. Nh4 g5 28. Ng2 c4 29. Ne3 Qc5 30. Nd1 h6 31. Qf2 Qxf2 32. Nxf2 Rb8 33. Nd1 h5 34. Kd2 hxg4 35. hxg4 Rh8 36. Nf2 Rh2 37. Rf1 Rg2 38. b3 Kf7 39. b4 Bb5 40. Ke1 Bc6 41. Rh1 d2+ 42. Ke2 Ba4 43. Kxd2 Rxf2+ 44. Ke3 Rxa2 45. Rh7+ Ke8 46. Rh6 Rc2 47. Rxf6 Rxc3+ 48. Kf2 Rc2+ 49. Ke3 Rc3+ 50. Kf2 Rc1 51. Re6+ Kf8 52. Rxe5 c3 53. Rc5 c2 54. Ke2 0-1

[Event "UKR-ch sf"]
[Site "Alushta"]
[Date "2011.05.07"]
[Round "5"]
[White "Dhillon, Jasteen"]
[Black "Stolpovsky, Sergei"]
[Result "1-0"]
[WhiteElo "2029"]
[BlackElo "2153"]
[PlyCount "71"]
[EventDate "2011.05.03"]
[EventType "swiss"]
[EventRounds "9"]
[EventCountry "UKR"]
[SourceTitle "CBM 142 Extra"]
[Source "ChessBase"]
[SourceDate "2011.06.27"]
[SourceVersion "1"]
[SourceVersionDate "2011.06.27"]
[SourceQuality "1"]

1. Nf3 Nf6 2. d4 g6 3. c4 Bg7 4. Nc3 0-0 5. Bf4 d6 6. e3 Bf5 7. Qb3 Qc8 8. h3 Nc6 9. g4 Bd7 10. Be2 Re8 11. d5 Nd8 12. Nd2 e5 13. Bg5 b6 14. 0-0-0 Nb7 15. Qc2 a5 16. Rdg1 Nc5 17. Bxf6 Bxf6 18. h4 a4 19. h5 a3 20. b3 Na6 21. Nde4 Bg7 22. f3 Nb4 23. Qd2 Qb8 24. g5 Qd8 25. hxg6 hxg6 26. Nf6+ Bxf6 27. gxf6 e4 28. Nxe4 Rxe4 29. fxe4 Qxf6 30. Qxb4 Qb2+ 31. Kd1 Qxa2 32. Qc3 Kf8 33. Rh8+ Ke7 34. Rxa8 Qb1+ 35. Kd2 Qxg1 36. Qh8 1-0

[Event "UKR-ch sf"]
[Site "Alushta"]
[Date "2011.05.03"]
[Round "1"]
[White "Dhillon, Jasteen"]
[Black "Grekh, Andrey"]
[Result "0-1"]
[WhiteElo "2029"]
[BlackElo "2369"]
[PlyCount "66"]
[EventDate "2011.05.03"]
[EventType "swiss"]
[EventRounds "9"]
[EventCountry "UKR"]
[SourceTitle "CBM 142 Extra"]
[Source "ChessBase"]
[SourceDate "2011.06.27"]
[SourceVersion "1"]
[SourceVersionDate "2011.06.27"]
[SourceQuality "1"]

1. e4 c5 2. Nf3 e6 3. d4 cxd4 4. Nxd4 a6 5. c4 Nf6 6. Nc3 d6 7. Be2 Be7 8. 0-0 0-0 9. f4 Qc7 10. Be3 Nc6 11. Rc1 Nxd4 12. Qxd4 e5 13. Qd2 exf4 14. Rxf4 Be6 15. Nd5 Bxd5 16. exd5 Nd7 17. Rff1 a5 18. Bd3 Ne5 19. Bb1 Rfe8 20. Bd4 Bf8 21. Qf4 g6 22. b3 Rac8 23. h4 h5 24. Rc3 Bg7 25. Rg3 Ng4 26. Bxg7 Kxg7 27. Rgf3 Ne5 28. Qd4 Kg8 29. Rf6 Qe7 30. Qf4 Rc7 31. Qg5 Rd8 32. Bxg6 fxg6 33. Qxg6+ Nxg6 0-1

[Event "UKR-chT 17th"]
[Site "Alushta"]
[Date "2010.05.20"]
[Round "11.5"]
[White "Dhillon, Jasteen"]
[Black "Pavlov, Sergey1111"]
[Result "0-1"]
[WhiteElo "1948"]
[BlackElo "2508"]
[PlyCount "60"]
[EventDate "2010.05.13"]
[EventType "team-tourn"]
[EventRounds "11"]
[EventCountry "UKR"]
[SourceTitle "EXT 2019"]
[Source "ChessBase"]
[SourceDate "2018.10.10"]
[SourceVersion "1"]
[SourceVersionDate "2018.10.10"]
[SourceQuality "1"]
[WhiteTeam "Krim KRDY"]
[BlackTeam "Rivne Bisons"]
[WhiteTeamCountry "UKR"]
[BlackTeamCountry "UKR"]

1. e4 Nf6 2. e5 Nd5 3. d4 d6 4. Nf3 Bg4 5. Be2 c6 6. 0-0 Bxf3 7. Bxf3 dxe5 8. dxe5 e6 9. c4 Ne7 10. Qxd8+ Kxd8 11. Be4 Nd7 12. f4 Nf5 13. g4 Bc5+ 14. Kh1 Ne3 15. Bxe3 Bxe3 16. h4 Ke7 17. Nc3 Rad8 18. Rae1 Bd2 19. Rd1 Nb6 20. Rf3 Nxc4 21. Bd3 Bxc3 22. bxc3 Nb2 23. Rd2 Nxd3 24. Rfxd3 Rxd3 25. Rxd3 Rd8 26. Rxd8 Kxd8 27. Kg2 Kc7 28. Kf3 Kb6 29. f5 Kc5 30. f6 g6 0-1

[Event "UKR-chT 17th"]
[Site "Alushta"]
[Date "2010.05.19"]
[Round "10.1"]
[White "Dhillon, Jasteen"]
[Black "Firman, Nazar"]
[Result "0-1"]
[WhiteElo "1948"]
[BlackElo "2549"]
[PlyCount "62"]
[EventDate "2010.05.13"]
[EventType "team-tourn"]
[EventRounds "11"]
[EventCountry "UKR"]
[SourceTitle "EXT 2019"]
[Source "ChessBase"]
[SourceDate "2018.10.10"]
[SourceVersion "1"]
[SourceVersionDate "2018.10.10"]
[SourceQuality "1"]
[WhiteTeam "Krim KRDY"]
[BlackTeam "Kharkov Law Academy"]
[WhiteTeamCountry "UKR"]
[BlackTeamCountry "UKR"]

1. e4 c5 2. Nf3 e6 3. d4 cxd4 4. Nxd4 Nc6 5. Nb5 d6 6. Bf4 e5 7. Be3 Nf6 8. Bg5 Be6 9. Nd2 a6 10. Bxf6 gxf6 11. Nc3 Rc8 12. Nc4 Nd4 13. Ne3 Qb6 14. Rb1 Bh6 15. Bd3 Bxe3 16. fxe3 Nb5 17. Nxb5 Qxe3+ 18. Qe2 Qxe2+ 19. Kxe2 axb5 20. Bxb5+ Ke7 21. Rbc1 Rhg8 22. g3 h5 23. Kf2 Rg4 24. Bd3 h4 25. a3 Bd7 26. Kf3 Rcg8 27. Rhg1 hxg3 28. hxg3 Bc6 29. Rg2 f5 30. Re1 fxe4+ 31. Bxe4 Rxe4 0-1

[Event "UKR-chT 17th"]
[Site "Alushta"]
[Date "2010.05.18"]
[Round "9.6"]
[White "Plaksin, Valeriy"]
[Black "Dhillon, Jasteen"]
[Result "1/2-1/2"]
[WhiteElo "2201"]
[BlackElo "1948"]
[PlyCount "134"]
[EventDate "2010.05.13"]
[EventType "team-tourn"]
[EventRounds "11"]
[EventCountry "UKR"]
[SourceTitle "EXT 2019"]
[Source "ChessBase"]
[SourceDate "2018.10.10"]
[SourceVersion "1"]
[SourceVersionDate "2018.10.10"]
[SourceQuality "1"]
[WhiteTeam "Tschernihiw No Mercy"]
[BlackTeam "Krim KRDY"]
[WhiteTeamCountry "UKR"]
[BlackTeamCountry "UKR"]

1. d4 Nf6 2. c4 g6 3. g3 d5 4. cxd5 Nxd5 5. Bg2 Nb6 6. Nc3 Bg7 7. Nf3 Nc6 8. e3 0-0 9. 0-0 Re8 10. d5 Na5 11. Nd4 Bd7 12. e4 c6 13. b3 Qc8 14. Bb2 Bh3 15. Rc1 Bxg2 16. Kxg2 Qd7 17. Nde2 Rad8 18. Nf4 cxd5 19. exd5 Qf5 20. Qe2 e5 21. dxe6 fxe6 22. Rfe1 e5 23. Nh3 Nc6 24. Ne4 Nd4 25. Bxd4 exd4 26. Qd3 Nd5 27. Nc5 Qxd3 28. Nxd3 Nc3 29. Nhf4 Kf7 30. a4 Rxe1 31. Rxe1 Re8 32. Rxe8 Kxe8 33. Kf3 b6 34. Ne2 Kd7 35. Nxc3 dxc3 36. Ne1 Kc6 37. Ke4 a6 38. Nc2 Kc5 39. Kd3 a5 40. f4 h5 41. h3 b5 42. axb5 Kxb5 43. Ne3 Kb4 44. Kc2 Kc5 45. Nd1 Kb4 46. Nf2 Kc5 47. Ne4+ Kd4 48. Nxc3 Ke3 49. Nd5+ Kf3 50. g4 hxg4 51. hxg4 Ke4 52. Nc7 Bd4 53. Ne6 Be3 54. Nf8 Kxf4 55. Nxg6+ Kxg4 56. Kd3 Bf2 57. Ke4 Be1 58. Ne5+ Kh5 59. Kd3 Kh6 60. Kc4 Kg7 61. Kb5 Kf6 62. Nc6 Ke6 63. Nxa5 Kd7 64. Nc4 Kc8 65. Nd6+ Kb8 66. Ne4 Ka8 67. Kc4 Ba5 1/2-1/2

[Event "UKR-chT 17th"]
[Site "Alushta"]
[Date "2010.05.15"]
[Round "4.5"]
[White "Zubarev, Alexander2222"]
[Black "Dhillon, Jasteen"]
[Result "1-0"]
[WhiteElo "2536"]
[BlackElo "1948"]
[PlyCount "73"]
[EventDate "2010.05.13"]
[EventType "team-tourn"]
[EventRounds "11"]
[EventCountry "UKR"]
[SourceTitle "EXT 2019"]
[Source "ChessBase"]
[SourceDate "2018.10.10"]
[SourceVersion "1"]
[SourceVersionDate "2018.10.10"]
[SourceQuality "1"]
[WhiteTeam "Tschernihiw"]
[BlackTeam "Krim KRDY"]
[WhiteTeamCountry "UKR"]
[BlackTeamCountry "UKR"]

1. d4 Nf6 2. c4 g6 3. Nc3 d5 4. Bg5 Ne4 5. Bh4 Nxc3 6. bxc3 dxc4 7. e3 Be6 8. Be2 Bg7 9. Nf3 h6 10. Qb1 Qc8 11. 0-0 g5 12. Bg3 0-0 13. h4 g4 14. Ne5 h5 15. e4 Nd7 16. Nxc4 Bxc4 17. Bxc4 c5 18. Qd3 Rd8 19. e5 cxd4 20. e6 Nf8 21. exf7+ Kh8 22. Bb3 Qc5 23. cxd4 Rxd4 24. Qe3 Qf5 25. Qxe7 Rd7 26. Qe8 Rdd8 27. Qe2 Bxa1 28. Rxa1 Rac8 29. Qe3 Kh7 30. Qxa7 Rd7 31. Re1 Rxf7 32. Bxf7 Qxf7 33. Kh2 Rc2 34. a4 Rb2 35. Qd4 Ra2 36. Re5 Ra3 37. Qd6 1-0

[Event "UKR-ch U14"]
[Site "Mukachevo"]
[Date "2010.02.24"]
[Round "11"]
[White "Mirzoev, Emil"]
[Black "Dhillon, Jasteen"]
[Result "1/2-1/2"]
[WhiteElo "2038"]
[BlackElo "1931"]
[PlyCount "47"]
[EventDate "2010.02.16"]
[EventType "tourn"]
[EventRounds "11"]
[EventCountry "UKR"]
[SourceTitle "CBM 135 Extra"]
[Source "ChessBase"]
[SourceDate "2010.05.04"]
[SourceVersion "1"]
[SourceVersionDate "2010.05.04"]
[SourceQuality "1"]

1. d4 Nf6 2. c4 g6 3. Nc3 d5 4. e3 Bg7 5. Qb3 dxc4 6. Bxc4 0-0 7. Nf3 e6 8. 0-0 Nc6 9. Be2 Qe7 10. Rd1 e5 11. d5 e4 12. dxc6 exf3 13. Bxf3 bxc6 14. Bxc6 Be6 15. Qa4 Rad8 16. Rxd8 Rxd8 17. e4 Ng4 18. Bf4 Qc5 19. Bg3 Rd2 20. Qb5 Qd4 21. Qf1 Rxb2 22. Rc1 Bh6 23. Qd1 Rd2 24. Qe1 1/2-1/2

[Event "Geller Memorial op-A 5th"]
[Site "Odessa"]
[Date "2009.08.26"]
[Round "7"]
[White "Dhillon, Jasteen"]
[Black "Shagbazyan, Taron"]
[Result "0-1"]
[WhiteElo "1801"]
[BlackElo "2209"]
[PlyCount "56"]
[EventDate "2009.08.20"]
[EventType "swiss"]
[EventRounds "9"]
[EventCountry "UKR"]
[SourceTitle "CBM 132 Extra"]
[Source "ChessBase"]
[SourceDate "2009.11.03"]
[SourceVersion "1"]
[SourceVersionDate "2009.11.03"]
[SourceQuality "1"]

1. e4 c5 2. Nf3 d6 3. d4 cxd4 4. Nxd4 Nf6 5. Nc3 a6 6. h3 g6 7. g4 Bg7 8. Bg2 Bd7 9. Be3 Nc6 10. 0-0 0-0 11. Nxc6 bxc6 12. e5 dxe5 13. Qe2 h5 14. g5 Nd5 15. Ne4 Qc8 16. Qf3 Nf4 17. Kh2 Nxg2 18. Qxg2 a5 19. Bc5 Re8 20. a4 Be6 21. Qg3 Bd5 22. Rfe1 Qf5 23. f3 Qf4 24. c3 f5 25. gxf6 exf6 26. Qxf4 exf4 27. Kg2 Rab8 28. Re2 f5 0-1

[Event "Geller Memorial op-A 5th"]
[Site "Odessa"]
[Date "2009.08.21"]
[Round "2"]
[White "Dhillon, Jasteen"]
[Black "Kovtun, Sergei"]
[Result "0-1"]
[WhiteElo "1801"]
[BlackElo "2314"]
[PlyCount "40"]
[EventDate "2009.08.20"]
[EventType "swiss"]
[EventRounds "9"]
[EventCountry "UKR"]
[SourceTitle "CBM 132 Extra"]
[Source "ChessBase"]
[SourceDate "2009.11.03"]
[SourceVersion "1"]
[SourceVersionDate "2009.11.03"]
[SourceQuality "1"]

1. e4 c5 2. Nf3 Nc6 3. d4 cxd4 4. Nxd4 Nf6 5. Nxc6 bxc6 6. Bd3 e5 7. 0-0 Bc5 8. Nd2 0-0 9. c3 Re8 10. Bc2 d5 11. Nb3 Bb6 12. Bg5 Be6 13. Re1 h6 14. Bh4 g5 15. Bg3 dxe4 16. Bxe4 Nxe4 17. Rxe4 Qxd1+ 18. Rxd1 f5 19. Rxe5 f4 20. Bxf4 gxf4 0-1